Catálogo - Centro de Recursos para el Aprendizaje y la Investigación

Volver al Sitio - CRAI Biblioteca

El marido psicópata : un monstruo vestido de señor / (Registro nro. 114353)

Detalles MARC
000 -CABECERA
campo de control de longitud fija 01463nam a2200289 4500
001 - NÚMERO DE CONTROL
campo de control 114353
003 - IDENTIFICADOR DEL NÚMERO DE CONTROL
campo de control DR-UNIBE
005 - FECHA Y HORA DE LA ÚLTIMA TRANSACCIÓN
campo de control 20260129155728.0
008 - DATOS DE LONGITUD FIJA--INFORMACIÓN GENERAL
campo de control de longitud fija 260129b2011 dr ||||| |||| 00| 0 spa d
020 ## - NÚMERO INTERNACIONAL ESTÁNDAR DEL LIBRO
Número Internacional Estándar del Libro 9789945164466
040 ## - FUENTE DE LA CATALOGACIÓN
Centro catalogador/agencia de origen BIBLIOTECA UNIBE
Lengua de catalogación spa
Centro/agencia transcriptor BIBLIOTECA UNIBE
Normas de descripción rda
041 ## - CÓDIGO DE LENGUA
Código de lengua del texto/banda sonora o título independiente spa
082 ## - NÚMERO DE LA CLASIFICACIÓN DECIMAL DEWEY
Número de clasificación RD 362.27 G633m
100 10 - ENTRADA PRINCIPAL--NOMBRE DE PERSONA
Nombre de persona Gómez, José Miguel,
Fechas asociadas al nombre 1959 -
9 (RLIN) 32398
Término indicativo de función/relación autor
245 13 - MENCIÓN DE TÍTULO
Título El marido psicópata : un monstruo vestido de señor /
Mención de responsabilidad, etc. José Miguel Gómez
260 ## - PUBLICACIÓN, DISTRIBUCIÓN, ETC.
Lugar de publicación, distribución, etc. Santo Domingo :
Nombre del editor, distribuidor, etc. Editora Búho,
Fecha de publicación, distribución, etc. 2011
300 ## - DESCRIPCIÓN FÍSICA
Extensión 154 páginas :
Dimensiones 21 x 13 cm
500 ## - NOTA GENERAL
Nota general Información del autor en la solapa, comentario de la obra en la contraportada
505 ## - NOTA DE CONTENIDO CON FORMATO
Nota de contenido con formato Presentación |<br/>Prólogo |<br/>Capítulo I. Cuerpo y esqueleto de un psicópata |<br/>Capítulo II. Actitudes emocionales de los psicópatas |<br/>Capítulo III. Riesgos psicosociales del os psicópatas |<br/>Capítulo IV. Salud mental de la mujer víctima del psicópata |<br/>Capítulo V. El psicópata: alguien para no negociar |<br/>Capítulo VI. ¿Qué hacer con un marido psicópata? |<br/>Bibliografía<br/><br/><br/>
650 #7 - PUNTO DE ACCESO ADICIONAL DE MATERIA--TÉRMINO DE MATERIA
Fuente del encabezamiento o término lemb
Término de materia o nombre geográfico como elemento de entrada Psicópatas
9 (RLIN) 201950
650 #7 - PUNTO DE ACCESO ADICIONAL DE MATERIA--TÉRMINO DE MATERIA
Fuente del encabezamiento o término lemb
Término de materia o nombre geográfico como elemento de entrada Trastornos de la personalidad antisocial
9 (RLIN) 201951
650 #7 - PUNTO DE ACCESO ADICIONAL DE MATERIA--TÉRMINO DE MATERIA
Fuente del encabezamiento o término lemb
Término de materia o nombre geográfico como elemento de entrada Violencia contra la mujer
700 10 - PUNTO DE ACCESO ADICIONAL--NOMBRE DE PERSONA
Nombre de persona Rodríguez de Báez, Martha
9 (RLIN) 198116
Término indicativo de función/relación presentación
700 10 - PUNTO DE ACCESO ADICIONAL--NOMBRE DE PERSONA
Nombre de persona Lara de Marmol, Soraya
9 (RLIN) 201945
Término indicativo de función/relación presentación
700 10 - PUNTO DE ACCESO ADICIONAL--NOMBRE DE PERSONA
Nombre de persona Deschamps, Alexandra
9 (RLIN) 56287
Término indicativo de función/relación diagramador
-- cubierta
942 ## - ELEMENTOS DE PUNTO DE ACCESO ADICIONAL (KOHA)
Fuente del sistema de clasificación o colocación Sistema de Clasificación Decimal Dewey
Tipo de ítem Koha Libro (general)
Existencias
Estado de retiro Estado de pérdida Fuente del sistema de clasificación o colocación No para préstamo Código de colección Localización permanente Fecha de adquisición Total de préstamos Signatura topográfica completa Código de barras Fecha visto por última vez Número de copia Precio válido a partir de Tipo de ítem Koha
  Disponible Sistema de Clasificación Decimal Dewey   General - Libros dominicanos Biblioteca Central UNIBE 12/11/2025   RD 362.27 G633m 260049 29/01/2026 Ej. 1 29/01/2026 Libro (general)